000 00532nam a2200193 i 4500
001 73826
003 ES-MaACL
005 20240320062532.0
007 t|
008 040913s1963 sp ||||1| spa d
100 1 _aGómez de la Serna, Ramón,
_d1888-1963
_957901
245 1 3 _aEl secreto del acueducto /
_cRamón Gómez de la Serna.
260 _aBarcelona :
_bEdhasa,
_c[1963]
300 _a195 p. ;
_c23 cm.
490 1 _aPuente
830 0 _aPuente
_9176613
852 _aES-MaACL
_jC-23888
_bR.52228
999 _c73826
_d73826